EA FC25 Centurions - Statistics

General Stats
  • This quiz has been taken 15 times
  • The average score is 16 of 31
Answer Stats
Rate Club Nation Answer % Correct
92 Man City Spain Rodri
100%
84 Girona Spain Arnau Martinez
92%
88 Aston Villa Argentina Emiliano Martinez
92%
89 Spurs South Korea Heung Min Son
92%
91 Inter Argentina Lautaro Martinez
92%
89 Real Madrid Croatia Luka Modric
92%
88 Man United Portugal Bruno Fernandes
75%
90 PSG Italy Gianluigi Donnarumma
75%
87 Liverpool Uruguay Darwin Nunez
67%
89 Man City England Jack Grealish
67%
87 Leverkusen Germany Jonathan Tah
67%
88 Milan Portugal Rafael Leao
67%
92 Barcelona Norway Caroline Hansen
58%
89 Dortmund Netherlands Donyell Malen
58%
87 Bayern Germany Thomas Muller
58%
84 Juventus USA Weston McKennie
58%
85 Athletic Club Ghana Inaki Williams
42%
85 Atletico Madrid Spain Koke
42%
84 Dortmund Germany Emre Can
33%
86 Barcelona Spain Ferran Torres
33%
86 Sevilla Spain Jesus Navas
33%
84 Lens Austria Kevin Danso
33%
85 Napoli Slovakia Stanislav Lobotka
33%
85 Villarreal Spain Gerard Moreno
25%
85 Roma Italy Gianluca Mancini
25%
86 Arsenal Ireland Katie McCabe
25%
87 Bayern Germany Lea Schuller
25%
84 Nice France Melvin Bard
25%
89 Lyon France Wendie Renard
25%
88 Portland Thorns USA Christine Sinclair
17%
86 Paris FC France Gaetane Thiney
17%
No matching quizzes found
Score Distribution
Percent of People with Each Score
Percentile by Number Answered
Your Score History
You have not taken this quiz